Jaká je souvislost řízení rizik a účetnictní?

Úspešné obchodovanie s derivátmi musí byť spojené s určitým systémom merania trhových rizík. Základné pojmy v riadení rizík: nástroje a pozície. Súvislosť riadenia rizík s účtovníctvom.

Saved in:
Bibliographic Details
Main Author: Jílek, Josef
Format: Book Chapter
Language:Czech
Subjects:
Tags: Add Tag
No Tags, Be the first to tag this record!

MARC

LEADER 00000naa a2200000 4500
001 r033233
005 20230908085406.9
041 0 |a cze 
044 |a CZ 
245 1 0 |a Jaká je souvislost řízení rizik a účetnictní?  |c Josef Jílek 
520 |a Úspešné obchodovanie s derivátmi musí byť spojené s určitým systémom merania trhových rizík. Základné pojmy v riadení rizík: nástroje a pozície. Súvislosť riadenia rizík s účtovníctvom. 
610 2 0 |a deriváty 
610 2 0 |a risk management 
610 2 0 |a riziko 
610 2 0 |a riadenie 
610 2 0 |a účtovníctvo 
610 2 0 |a pojmy 
100 1 |a Jílek, Josef